Nhà doanh nghiệp cần biết pháp lệnh trọng tài thương mại và văn bản hướng dẫn thi hành

Saved in:
Bibliographic Details
Main Author: Trịnh, Thị Thanh Hương
Format: Book
Language:Undetermined
Published: Tp. Hồ Chí Minh Tổng hợp Tp. Hồ Chí Minh 2004
Subjects:
Tags: Add Tag
No Tags, Be the first to tag this record!
Institutions: Trung tâm Học liệu Trường Đại học Cần Thơ
LEADER 00661nam a2200193Ia 4500
001 CTU_74109
008 210402s9999 xx 000 0 und d
020 |b 7500 
082 |a 346.07 
082 |b H561 
100 |a Trịnh, Thị Thanh Hương 
245 0 |a Nhà doanh nghiệp cần biết pháp lệnh trọng tài thương mại và văn bản hướng dẫn thi hành 
245 0 |c Trịnh Thị Thanh Hương 
260 |a Tp. Hồ Chí Minh 
260 |b Tổng hợp Tp. Hồ Chí Minh 
260 |c 2004 
650 |a Commercial laws 
904 |i Năm 
980 |a Trung tâm Học liệu Trường Đại học Cần Thơ